000 00506nam a22001812 4500
001 0000009786
005 20151217160122.0
008 081127s xx 000 0 eng d
040 _aKABU
_cKABU
100 1 _aNjoroge, James K.
_@0000161565
245 1 0 _aPestle and mortar /
_cJames K. Njoroge.
250 _a1st ed.
260 _aNairobi :
_bEquatorial Publishers,
_c1969.
300 _a74 p.
852 1 _9p100 KES
908 _a081127
950 _@1
999 _c14549
_d14549